000 01005cad a22001935a 4500
001 L158431
008 120907s2011 xxkdo f 000 0 eng d
035 _a(Sirsi) u158431
041 0 _aeng
110 2 _aProperty Industry Alliance
_95725
245 0 0 _aProperty data report 2011
_h[electronic resource]
260 _a[S.l.]
_bPIA
_c2011
520 _aFully updated, this report sets out key facts relating to the UK commercial property market such as the value of the market, the relative size of the various sectors (retail, industrial and office), the average length of leases, rental levels and types of ownership. Information on property debt, and on the sustainability of the commercial property sector, is included for the first time.
590 _aNTK KA
651 4 _aUnited Kingdom
690 _aCommercial property
_96227
856 4 0 _uhttps://www.bpf.org.uk/sites/default/files/resources/PIA-Property-Data-Report-2011.pdf
_zView the research free of charge at www.bpf.org.uk
942 _n0
999 _c115302
_d115302